LEADER 01450nam a2200325 a 4500 001 000000121124 003 CaOOAMICUS 005 20100409143244.0 008 100409t2010 it u000 u ita r 020 $a978-88-6132-417-6 040 $aPUL$bita$dReb 082 04$a347.45 100 1 $aCarleo, Giovanni.$0(OLS)http://pul/name/68381 245 10$aCommentario sistematico al codice di procedura civile /$cGiovanni Carleo, Arduino Buttafoco ; con la collaborazione di Fabiana Carleo [et al.]. 250 $a3. ed. 260 $aPiacenza :$bLa Tribuna,$cİ2010. 300 $a1612 p. ;$c25 cm. 490 1 $aTribuna Commentari 504 $aInclude riferimenti bibliografici ed indice. 650 4$aProcedura civile$zItalia.$0(OLS)http://pul/subject/14566 700 1 $aButtafoco, Arduino.$0(OLS)http://pul/name/68382 700 1 $aCarleo, Fabiana.$0(OLS)http://pul/name/75823 830 0$aTribuna Commentari.$0(OLS)http://pul/title/140010 850 $aPUL 852 $aPUL$W1$xSL Diritto e Scienze Sociali 3$y79$m348. 45 COD 3.2.37$j138884$qDDC 21$B138123$CPULBib$Z2$F138123 $H112592 $82 941 1 $a9 996 $6020$a978-88-6132-417-6$9(OLS)http://pul/number/143785 996 $6082$a347.45$9(OLS)http://pul/classification/384 996 $6245$aCommentario sistematico al codice di procedura civile$9(OLS)http://pul/title/140009 996 $6260$aPiacenza :$bLa Tribuna$9(OLS)http://pul/publisher/69734 LEADER 01111nam a2200265 u 4500 001 000000072341 003 CaOOAMICUS 005 20070226122230.0 008 020613s1971 gw u000 u ger u 035 $a10933356 040 $aPUL(R)$bita 245 00$aLexikon der audio-visuellen Bildungsmittel /$cHeribert Heinrichs (Hrsg.) 260 $aMünchen :$bKösel,$cc1971. 300 $axv, 362 p. ;$c23 cm 504 $aContiene indicazioni bibliografiche. 650 4$aMezzi di comunicazione.$0(OLS)http://pul/subject/14814 650 4$aComunicazione e linguaggi.$0(OLS)http://pul/subject/25504 650 4$aComunicazione non verbale.$0(OLS)http://pul/subject/7810 700 1 $aHeinrichs, Heribert.$0(OLS)http://pul/name/47885 850 $aPUL 852 $aPUL$W1$xDP1 Cons. Gen., Altre Classi 1$y22$m845 L 17$j93577$nBK-PRI$b $qStampati$B93577$CPULBib$Z2$F93577 $H $81 941 1 $a8 961 $aINV: 64431 996 $6245$aLexikon der audio-visuellen Bildungsmittel$9(OLS)http://pul/title/95162 996 $6260$aMünchen :$bKösel$9(OLS)http://pul/publisher/51630 LEADER 03574naa a2200505 a 4500 001 000000126142 003 CaOOAMICUS 005 20110727095731.0 008 110725m15691570it u000 u lat r 026 $as&tu aaa-$buset Pl*E (3)$c1570 (R)$dT.4 040 $aPUL$bita 100 1 $aThomas Aquinas,$cs.,$d c.1225-1274.$0(OLS)http://pul/name/72782 240 10$aIn libros Metaphysicorum$f1570.$0(OLS)http://pul/title/159247 245 10$aD. Thomae Aquinatis doctoris angelici, complectens expositionem, in duodecim libros Metaphysices, Aristotelis. Tractatum de Ente, et Essentia. D. Thomae. Cum commentariis Fratris Thomae de Vio Caietani Cardinalis S. Xisti, et expositionem eiusdem Divi Thomae. In librum de Causis. 246 30$aIn duodecim libros Metaphysices 246 30$aTractatum de Ente et Essentia 246 30$aIn librum de Causis 260 $aRomae :$b(apud haeredes Antonij Bladi, et Ioannem Osmarinum Liliotum socios),$c1569-1570$aRomae :$b(apud Iulium Accoltum) 300 $a[1], 166, 35, [1], 14 c. :$britr. ;$cfol. (33 cm). 500 $aIniziali xil. 500 $aSegnatura: [pi greco]1 A-V8 X6 A-D8 E4 A8 B6. 500 $aPresenza di registro in fine. 500 $aImpaginazione a commentario. 500 $aMarca tipografica in fine alla prima parte: Aquila coronata che stringe negli artigli un pavese, sotto, una targa con la scritta A. BLA. IMPRESS. CAM. Intorno una corona di alloro entro un rettangolo con tralci di uva e pampini. (V196). 600 04$aAristoteles,$d384-322 a.C.$xCritica e interpretazione$ySec. XIII.$0(OLS)http://pul/subject/38181 662 $aItalia$dRoma.$0(OLS)http://pul/subject/34878 700 1 $aDe Vio, Tommaso,$ccard.,$d1469-1534.$0(OLS)http://pul/name/71080 700 02$aThomas Aquinas,$cs.,$dc. 1225-1274.$tDe ente et essentia$f1569.$0(OLS)http://pul/nameTitle/1475$0(OLS)http://pul/name/3373$0(OLS)http://pul/title/159251 700 02$aThomas Aquinas,$cs.,$dc. 1225-1274.$tIn librum De causis$f1570.$0(OLS)http://pul/nameTitle/1477$0(OLS)http://pul/name/3373$0(OLS)http://pul/title/159252 710 0 $aBlado, Antonio eredi et Gigliotti, Giovanni $4pbl.$0(OLS)http://pul/name/72788 710 0 $aAccolti, Giulio$4pbl.$0(OLS)http://pul/name/71446 773 1 $aThomas Aquinas, s., c.1225-1274 .$tDivi Thomae Aquinatis ... Opera omnia ..$dRomae : (apud haeredes Antonij Bladi, et Ioannem Osmarinum Liliotum socios), 1569-1571 Romae : (apud Iulium Accoltum) $w()116921 900 $aTommaso d'Aquino,$cs.,$dc.1225-1274$93373 900 $aTommaso d'Aquino,$cs.,$dc.1225-1274$93373 900 $aVio, Tommaso de,$cdetto Gaetano,$ccard.,$d1469-1534$971080 900 $aCajetan, Tommaso de Vio$d1469-1534$971080 900 $aCaietano Tommaso,$ccard.,$d1469-1534$971080 941 1 $a15 996 $6246$aIn duodecim libros Metaphysices$9(OLS)http://pul/title/159264 996 $6246$aTractatum de Ente et Essentia$9(OLS)http://pul/title/159265 996 $6246$aIn librum de Causis$9(OLS)http://pul/title/159266 996 $6245$aD. Thomae Aquinatis doctoris angelici, complectens expositionem, in duodecim libros Metaphysices, Aristotelis. Tractatum de Ente, et Essentia. D. Thomae. Cum commentariis Fratris Thomae de Vio Caietani Cardinalis S. Xisti, et expositionem eiusdem Divi Thomae. In librum de Causis$9(OLS)http://pul/title/159246 996 $6260$aRomae :$b(apud haeredes Antonij Bladi, et Ioannem Osmarinum Liliotum socios)$9(OLS)http://pul/publisher/80606 996 $6260$aRomae :$b(apud Iulium Accoltum)$9(OLS)http://pul/publisher/81648